Introductory Nuclear Physics (Record no. 35782)

MARC details
000 -LEADER
fixed length control field 00393nam a22001697a 4500
003 - CONTROL NUMBER IDENTIFIER
control field OSt
005 - DATE AND TIME OF LATEST TRANSACTION
control field 20230112094400.0
008 - FIXED-LENGTH DATA ELEMENTS--GENERAL INFORMATION
fixed length control field 230112b |||||||| |||| 00| 0 eng d
020 ## - INTERNATIONAL STANDARD BOOK NUMBER
International Standard Book Number 661.8/BHA/2010
040 ## - CATALOGING SOURCE
Transcribing agency HU
082 ## - DEWEY DECIMAL CLASSIFICATION NUMBER
Classification number 539.2/KRO/1988
100 ## - MAIN ENTRY--PERSONAL NAME
Personal name Krane Kenneth S.
9 (RLIN) 37342
245 ## - TITLE STATEMENT
Title Introductory Nuclear Physics
260 ## - PUBLICATION, DISTRIBUTION, ETC.
Name of publisher, distributor, etc. Wiley
300 ## - PHYSICAL DESCRIPTION
Type of unit 845
942 ## - ADDED ENTRY ELEMENTS (KOHA)
Source of classification or shelving scheme Dewey Decimal Classification
Koha item type Books like text book referance book
Suppress in OPAC No
Holdings
Withdrawn status Lost status Source of classification or shelving scheme Damaged status Not for loan Home library Current library Shelving location Date acquired Full call number Barcode Date last seen Copy number Price effective from Koha item type Total Checkouts
    Dewey Decimal Classification     IoT Library IoT Library General Stacks 01/12/2023 539.2/KRO/1988 IOTL0022247 01/12/2023 1 01/12/2023 Books like text book referance book  
    Dewey Decimal Classification     IoT Library IoT Library General Stacks 10/25/2023 539.2/KRO/1988 IOTL0023281 10/25/2023 2 10/25/2023 Books like text book referance book  
    Dewey Decimal Classification     IoT Library IoT Library General Stacks 10/25/2023 539.2/KRO/1988 IOTL0023282 10/25/2023 3 10/25/2023 Books like text book referance book  
    Dewey Decimal Classification     IoT Library IoT Library General Stacks 10/25/2023 539.2/KRO/1988 IOTL0023283 10/25/2023 4 10/25/2023 Books like text book referance book  
    Dewey Decimal Classification     IoT Library IoT Library General Stacks 10/25/2023 539.2/KRO/1988 IOTL0023284 10/25/2023 5 10/25/2023 Books like text book referance book  
    Dewey Decimal Classification     IoT Library IoT Library General Stacks 10/25/2023 539.2/KRO/1988 IOTL0023285 10/25/2023 6 10/25/2023 Books like text book referance book  
    Dewey Decimal Classification     IoT Library IoT Library General Stacks 10/25/2023 539.2/KRO/1988 IOTL0023286 10/25/2023 7 10/25/2023 Books like text book referance book  
    Dewey Decimal Classification     IoT Library IoT Library General Stacks 10/25/2023 539.2/KRO/1988 IOTL0023287 10/25/2023 8 10/25/2023 Books like text book referance book